Online
Catalog

Cuatro poetas cósmicos puertorriqueños / (Record no. 2733)

MARC details
000 -CABECERA
campo de control de longitud fija 01153cam a2200289 a 4500
001 - NÚMERO DE CONTROL
campo de control 000002899
005 - FECHA Y HORA DE LA ÚLTIMA TRANSACCIÓN
campo de control 20200929150259.0
008 - DATOS DE LONGITUD FIJA--INFORMACIÓN GENERAL
campo de control de longitud fija 020105s2001 mx a b 001 p spa
010 ## - NÚMERO DE CONTROL DE LA BIBLIOTECA DEL CONGRESO
Número de control de LC 2002315071
040 ## - FUENTE DE LA CATALOGACIÓN
Centro catalogador/agencia de origen DO-SdBNP
Centro/agencia transcriptor DLC
Centro/agencia modificador DLC
082 ## - NÚMERO DE LA CLASIFICACIÓN DECIMAL DEWEY
Número de clasificación PR861.608
Número de documento/Ítem C961p
245 00 - MENCIÓN DE TÍTULO
Título Cuatro poetas cósmicos puertorriqueños /
Mención de responsabilidad, etc. Evaristo Ribera ... [et al.]. ; prólogo y análisis arquetípico de Fredo Arias de la Canal.
246 3# - FORMA VARIANTE DE TÍTULO
Título propio/Titulo breve 4 poetas cósmicos puertorriqueños
260 ## - PUBLICACIÓN, DISTRIBUCIÓN, ETC.
Lugar de publicación, distribución, etc. México :
Nombre del editor, distribuidor, etc. Frente de Afirmación Hispanista,
Fecha de publicación, distribución, etc. 2001.
300 ## - DESCRIPCIÓN FÍSICA
Extensión xxv, 259 p. :
Otras características físicas il. ;
Dimensiones 23 cm.
504 ## - NOTA DE BIBLIOGRAFÍA, ETC.
Nota de bibliografía, etc. Incluye referencias bibliográficas (p. 253-254).
505 0# - NOTA DE CONTENIDO CON FORMATO
Nota de contenido con formato Evaristo Ribera Chevremont -- Julia de Burgos -- Francisco Matos Paoli -- Lolita Lebron.
650 #4 - PUNTO DE ACCESO ADICIONAL DE MATERIA--TÉRMINO DE MATERIA
Término de materia o nombre geográfico como elemento de entrada Poesía puertoriqueña
Subdivisión general Colecciones
9 (RLIN) 9207
650 #4 - PUNTO DE ACCESO ADICIONAL DE MATERIA--TÉRMINO DE MATERIA
Término de materia o nombre geográfico como elemento de entrada Literatura puertoriqueña
9 (RLIN) 6540
700 1# - PUNTO DE ACCESO ADICIONAL--NOMBRE DE PERSONA
Nombre de persona Ribera Chevremont, Evaristo,
Fechas asociadas al nombre 1896-1976.
9 (RLIN) 9208
700 1# - PUNTO DE ACCESO ADICIONAL--NOMBRE DE PERSONA
Nombre de persona Burgos, Julia de
9 (RLIN) 9209
700 1# - PUNTO DE ACCESO ADICIONAL--NOMBRE DE PERSONA
Nombre de persona Matos Paoli, Francisco
9 (RLIN) 9210
700 1# - PUNTO DE ACCESO ADICIONAL--NOMBRE DE PERSONA
Nombre de persona Lebrón, Lolita
9 (RLIN) 9211
700 1# - PUNTO DE ACCESO ADICIONAL--NOMBRE DE PERSONA
Nombre de persona Arias de la Canal, Fredo,
Término indicativo de función/relación pról.
9 (RLIN) 8096
910 ## - DATOS DE OPCIÓN DEL USUARIO (OCLC)
Datos de opción del usuario Catalogación por copia / LC
910 ## - DATOS DE OPCIÓN DEL USUARIO (OCLC)
Datos de opción del usuario WM
Holdings
Estado de retiro Estado de pérdida Restricciones de uso No para préstamo Código de colección Localización permanente Ubicación/localización actual Ubicación en estantería Fecha de adquisición Número de inventario Total de préstamos Signatura topográfica completa Código de barras Fecha visto por última vez Precio válido a partir de Tipo de ítem Koha
    Préstamo interno   Monografías: Libros y Folletos General General Depósito 04.07.2009 LF1   PR861.608 C961p 2899-10 25.06.2020 25.06.2020 Préstamo interno

Powered by Koha